000 004930000a22001090004500
090 _aAS
_bSeriadas
245 1 0 _aEstudio anatómico de cuatro especies de ranitas de cristal del género Hyalinobatrachium Ruiz 'cia' Lynch, 1991 grupo Fleischmanni (<Amphibia: Anura: Centrolenidae>)
041 0 _aEspañol
100 1 _aBarrera Rodríguez, Miguel
_999076
942 _cARTICULO
773 1 _tRevista de la Academia Colombiana de Ciencias Exactas, Fisicas y Naturales
_332
_hSupl. Esp.
_q245-260
_d1999
_g23
999 _c14027
_d14027